Les Préfectures les moins peuplées de France - Statistiques

Statistiques générales
  • Ce quiz a été pris 362 fois
    256 depuis la dernière actualisation
  • Le résultat moyen est 16 sur 22
Statistiques - réponses
Population Région Préfecture % Correct
12,3 K Occitanie Mende
82%
8,5 K Auvergne-Rhône-Alpes Privas
80%
25,6 K Auvergne-Rhône-Alpes Aurillac
79%
12,7 K Nouvelle-Aquitaine Guéret
78%
14,8 K Nouvelle-Aquitaine Tulle
77%
9,9 K Guadeloupe Basse-Terre
76%
9,5 K Occitanie Foix
76%
24,5 K Occitanie Rodez
76%
22,2 K Occitanie Auch
75%
19,2 K Auvergne-Rhône-Alpes Le Puy-en-Velay
75%
29,8 K Nouvelle-Aquitaine Mont-de-Marsan
75%
19,1 K Normandie Saint-Lô
75%
16,5 K Provence-Alpes-Côte-d'Azur Digne-les-Bains
74%
24,3 K Hauts-de-France Laon
74%
19,9 K Occitanie Cahors
71%
19,2 K Auvergne-Rhône-Alpes Moulins
71%
25,9 K Normandie Alençon
70%
17,2 K Bourgogne-Franche-Comté Lons-le-Saunier
70%
29,9 K Nouvelle-Aquitaine Périgueux
70%
14,6 K Grand-Est Bar-le-Duc
69%
14,9 K Bourgogne-Franche-Comté Vesoul
69%
21,8 K Grand-Est Chaumont
65%
Aucun quiz correspondant
Distribution des résultats
% des personnes avec chaque résultat
Percentile par nombre de réponses
Votre historique - résultats
Vous n’avez pas pris ce quiz depuis la dernière actualisation